000 01416nam0a2200301 4500
001 RU\NLR\bibl\1858094
005 20260406115839.0
035 _a(NLR Aleph) 001848012
090 _a2362960
_c2362960
100 _a20120118d2009 |||y0rusy50 ca
101 0 _arus
102 _aRU
105 _aa |||||||||
200 1 _aБорис Годунов
_eтрагедия
_fАлександр Пушкин
_gксилографии Василия Масютина
210 _aМосква
_cКруг коллекционеров
_cиздатели Борис Дулькин,Анатолий Эмдин
_d2009
215 _a161, [1] с.
_cил.
_d30
604 _1200#1$aМасютин$bВ.Н.$gВасилий Николаевич$f1884 - 1955
_12350#$aКнижные иллюстрации
_aМасютин, Василий Николаевич (1884 - 1955)
_tКнижные иллюстрации
_3RU\NLR\AUTH\661470093
_92475816
686 _aШ6(2=Р)51-6
686 _aЩ153(2Р=Рус)7-53Масютин
700 1 _4070
_7ca
_8rus
_aПушкин
_bА. С.
_cпоэт
_f1799-1837
_gАлександр Сергеевич
_9110441
_3RU\NLR\auth\77386
702 1 _aМасютин
_bВ. Н.
_f1884-1955
_gВасилий Николаевич
_4440
801 0 _aRU
_bNLR
_c20120118
_gRCR
801 1 _aRU
_bNLR
_c20120118
830 _aхудож. по эе
942 _cBOOK
980 _aNB